000
00299nam a22001337a 4500
008
171102b xxu||||| |||| 00| 0 eng d
020
_a
9780073215747
041
_a
eng
080
_2
2 ED
_a
339.138
100
_a
60
101
_a
MAR
245
_a
MARKETING THE CORE
_c
KERION.H
942
_2
udc
_c
BK
999
_c
37342
_d
37342